Guess the UN Member States Being Drawn - Statistics

General Stats
  • This quiz has been taken 360 times
  • The average score is 13 of 20
Answers on the Map
Answers color-coded by a green-red scale on the quiz's map according to % correct below.
 
Answer Stats
% Correct
Iceland
100%
Sweden
94%
Uzbekistan
92%
China
91%
Iraq
90%
Austria
89%
Peru
89%
Ukraine
87%
Argentina
84%
Iran
82%
France
81%
Mexico
81%
Gambia
80%
Netherlands
80%
Tajikistan
80%
Yemen
80%
Germany
79%
Nepal
79%
Saudi Arabia
79%
South Africa
79%
Greece
78%
Myanmar
78%
Togo
78%
Belgium
77%
Malawi
77%
Pakistan
77%
Switzerland
77%
Bangladesh
76%
India
76%
Ireland
76%
Finland
75%
North Korea
75%
Zambia
75%
Afghanistan
73%
Croatia
73%
Djibouti
73%
Italy
73%
Libya
73%
Mauritania
73%
Monaco
73%
Panama
73%
Portugal
73%
Senegal
73%
Papua New Guinea
72%
Cuba
71%
Somalia
71%
Mali
70%
Azerbaijan
69%
Chad
69%
Guinea
69%
Jordan
69%
Madagascar
69%
Niger
69%
Nigeria
69%
Oman
69%
Turkey
69%
United States
69%
Venezuela
69%
Namibia
68%
Albania
67%
Australia
67%
Brazil
67%
Chile
67%
Guatemala
67%
Jamaica
67%
Kyrgyzstan
67%
Malaysia
67%
Mozambique
67%
Russia
67%
Slovenia
67%
Trinidad and Tobago
67%
Bosnia and Herzegovina
65%
Japan
65%
Latvia
65%
South Korea
65%
Angola
64%
Denmark
64%
Kazakhstan
64%
Kenya
64%
Norway
64%
Sri Lanka
64%
Tunisia
64%
United Arab Emirates
64%
Ethiopia
63%
Gabon
63%
Paraguay
62%
Thailand
62%
Israel
61%
Armenia
60%
Costa Rica
60%
Democratic Republic of the Congo
60%
Egypt
60%
Laos
60%
Liberia
60%
Colombia
59%
Kuwait
59%
Central African Republic
58%
Bulgaria
57%
Ghana
57%
Guyana
57%
New Zealand
57%
Eritrea
56%
Lebanon
56%
South Sudan
56%
Algeria
55%
Zimbabwe
55%
Georgia
53%
Sierra Leone
53%
Syria
53%
Ecuador
52%
Belize
50%
Bolivia
50%
Cyprus
50%
Czech Republic
50%
El Salvador
50%
Honduras
50%
Ivory Coast
50%
Lithuania
50%
Malta
50%
Morocco
50%
Botswana
47%
Dominican Republic
47%
Spain
47%
Cameroon
46%
Nicaragua
46%
United Kingdom
46%
Burundi
43%
Vietnam
43%
Poland
38%
Lesotho
36%
Estonia
33%
Moldova
33%
Tanzania
33%
Uruguay
33%
Qatar
31%
Republic of the Congo
31%
Benin
30%
Haiti
29%
Brunei
27%
No matching quizzes found
Score Distribution
Percent of People with Each Score
Percentile by Number Answered
Your Score History
You have not taken this quiz